000 00484nam a2200193Ia 4500
005 20250423094307.0
008 250422s9999 xx 000 0 und d
020 _a9788121911146
050 _aTS 176 .S53/
100 _aDr. Sharma, P.C
245 2 _aA textbook of production technology: manufacturing processes
250 _a2nd ed.
260 _aNew Delhi
260 _bS.chand
260 _c2018
300 _a834 p
650 _aProduction engineering.
942 _cBK
999 _c26829
_d26829